[Event "52nd Rubinstein Mem"]
[Site "Polanica Zdroj POL"]
[Date "2016.08.23"]
[Round "4.13"]
[White "Zaleski, Lukasz"]
[Black "Widla, Piotr"]
[Result "1-0"]
[WhiteElo "2219"]
[BlackElo "2042"]
[WhiteFideId "1172611"]
[BlackFideId "1132164"]
[EventDate "2016.08.20"]

1. e4 c5 2. Nf3 d6 3. Bb5+ Bd7 4. Bxd7+ Qxd7 5. O-O Nc6 6. c3 Nf6 7. Qe2 e6 8.
d4 cxd4 9. cxd4 Be7 10. Nc3 O-O 11. Rd1 h6 12. d5 exd5 13. exd5 Nb4 14. a3 Na6
15. b4 Rfe8 16. Qd3 Nc7 17. Bb2 Nh5 18. Nd2 Qg4 19. Nde4 f5 20. Ng3 Nxg3 21.
hxg3 Bf6 22. Re1 a6 23. Na4 Bxb2 24. Nxb2 Rac8 25. Nc4 Rxe1+ 26. Rxe1 Nb5 27.
Ne3 Qe4 28. Qxe4 fxe4 29. Nf5 Rf8 30. g4 h5 31. a4 Nc3 32. Nxd6 Nxd5 33. Rxe4
Nc3 34. Rc4 Nxa4 35. Nxb7 hxg4 36. Rxg4 Rb8 37. Nd6 Nc3 38. Nf5 Rb7 39. Ne3 Rb5
40. Rc4 Na2 41. Nc2 a5 42. bxa5 Rxa5 43. Ne3 Ra3 44. Rc7 Rc3 45. Ra7 Rc1+ 46.
Kh2 Nb4 47. Nf5 Rc2 48. Rxg7+ Kf8 49. f3 Nd3 50. Ra7 Ne1 51. Nh4 Rc4 52. Kg3 Nd3
53. Nf5 Rc5 54. Rd7 Ne5 55. Rd8+ Kf7 56. Ne3 Ng6 57. Ng4 Ne7 58. Ra8 Nf5+ 59.
Kf4 Ne7 60. Ne5+ Ke6 61. Ra6+ Kd5 62. Ra2 Ke6 63. Re2 Kd6 64. Nf7+ Kd7 65. g4
Ke8 66. Ne5 Nd5+ 67. Kg3 Nc3 68. Re3 Nd5 69. Nd3+ Nxe3 70. Nxc5 Nd5 71. Kh4 Kf7
72. Kg5 Nf6 73. f4 Nh7+ 74. Kf5 Nf8 75. g5 Ng6 76. Kg4 Nf8 77. f5 Kg8 78. g6 Kh8
79. Kg5 Kg8 80. f6 Kh8 81. g7+ Kh7 82. gxf8=N+ 1-0

[Event "52nd Rubinstein Mem"]
[Site "Polanica Zdroj POL"]
[Date "2016.08.23"]
[Round "4.14"]
[White "Chomczyk, Marek"]
[Black "Gierulski, Kamil"]
[Result "0-1"]
[WhiteElo "2131"]
[BlackElo "2216"]
[WhiteFideId "1125826"]
[BlackFideId "1163825"]
[EventDate "2016.08.20"]

1. e4 c5 2. Nf3 d6 3. d4 cxd4 4. Nxd4 Nf6 5. Nc3 a6 6. Be3 e5 7. Nb3 Be6 8. h3
Be7 9. Qf3 O-O 10. O-O-O b5 11. g4 b4 12. Nd5 Nxd5 13. exd5 Bd7 14. Bd3 a5 15.
Nd2 a4 16. Nc4 Qc7 17. Nb6 Ra5 18. Qe4 f5 19. Qxb4 Ra7 20. Nxd7 Rb7 21. Qxa4
Nxd7 22. Bxf5 Nc5 23. Qc6 Qb8 24. Bxc5 dxc5 25. h4 Rxb2 26. Qe6+ Rf7 27. Qc8+
Rf8 28. Qe6+ Rf7 29. d6 Qb4 30. Qb3 Rxb3 31. axb3 Qa3+ 32. Kd2 Bxd6 33. Be6 Kf8
34. Bxf7 Kxf7 35. Ke2 Be7 36. Rd3 Qb2 37. Kd2 Ke6 38. g5 c4 39. bxc4 Bb4+ 40.
Ke3 Bc5+ 41. Kd2 Bxf2 42. Ke2 Qxc2+ 0-1

[Event "52nd Rubinstein Mem"]
[Site "Polanica Zdroj POL"]
[Date "2016.08.23"]
[Round "4.15"]
[White "Praczukowski, Stanislaw"]
[Black "Wisniewski, Michal"]
[Result "1-0"]
[WhiteElo "2096"]
[BlackElo "2197"]
[WhiteFideId "1182730"]
[BlackFideId "1159682"]
[EventDate "2016.08.20"]

1. e4 c5 2. Nf3 d6 3. d4 cxd4 4. Nxd4 Nf6 5. Nc3 g6 6. Be3 Bg7 7. f3 Nc6 8. Qd2
O-O 9. O-O-O d5 10. Kb1 Nxd4 11. e5 Nf5 12. exf6 exf6 13. Bc5 d4 14. Bxf8 Qxf8
15. Nb5 Ne3 16. Rc1 Bh6 17. f4 Bxf4 18. Qxd4 Bh6 19. Bd3 Bf5 20. Qd6 Qc8 21. Qc7
a6 22. Qxc8+ Rxc8 23. Nd6 Rd8 24. Nxb7 Rxd3 25. cxd3 Bxd3+ 26. Ka1 Nc2+ 27. Rxc2
Bxc2 28. Nc5 a5 29. Re1 f5 30. a3 Kg7 31. Ka2 a4 32. b4 axb3+ 33. Nxb3 Be4 34.
g3 Bc6 35. Nd4 Bd5+ 36. Kb2 f4 37. Kc3 Bg2 38. gxf4 Bxf4 39. Re2 Bd5 40. a4 Bc7
41. Kb4 h5 42. Kc5 Ba8 43. Re8 Bh1 44. Ne6+ fxe6 45. Re7+ Kf6 46. Rxc7 g5 47.
Kd4 Kf5 48. Ke3 Kg4 49. Kf2 e5 50. a5 h4 51. a6 e4 52. Ke3 Kh3 53. Rc2 g4 54. a7
g3 55. hxg3 hxg3 56. a8=Q g2 57. Kf2 e3+ 58. Kg1 e2 59. Rc3+ Kg4 60. Qe4+ 1-0

[Event "52nd Rubinstein Mem"]
[Site "Polanica Zdroj POL"]
[Date "2016.08.23"]
[Round "4.16"]
[White "Kucza, Karol"]
[Black "Rozycki, Bartlomiej"]
[Result "0-1"]
[WhiteTitle "FM"]
[WhiteElo "2307"]
[BlackElo "2118"]
[WhiteFideId "1159755"]
[BlackFideId "1106996"]
[EventDate "2016.08.20"]

1. e4 e6 2. d4 d5 3. Nc3 Bb4 4. e5 Ne7 5. a3 Bxc3+ 6. bxc3 c5 7. Nf3 Bd7 8. a4
Qa5 9. Bd2 Nbc6 10. Be2 Qc7 11. O-O Na5 12. Bc1 cxd4 13. cxd4 Nc4 14. Nd2 O-O-O
15. c3 Nxd2 16. Qxd2 Kb8 17. Ba3 Nc8 18. a5 Ka8 19. Bc5 Rde8 20. Qg5 Reg8 21.
Rfb1 f6 22. exf6 Qd8 23. Rxb7 Kxb7 24. Rb1+ Nb6 25. axb6 a5 26. Be7 gxf6 27.
Bxd8 fxg5 28. Bf6 h6 29. Bd3 Rc8 30. Bxh8 Rxh8 31. c4 dxc4 32. Bxc4 Rc8 33. Be2
Bc6 34. h3 a4 35. Bc4 Bd5 36. Bxd5+ exd5 37. g4 a3 38. f4 gxf4 39. Kf2 Rc3 40.
h4 Rg3 41. g5 hxg5 42. hxg5 Rxg5 43. Kf3 Rg8 44. Kxf4 Ra8 45. Ke5 a2 46. Ra1 Ra5
47. Ke6 Kxb6 48. Kd6 Kb7 49. Kd7 Ra6 50. Ke7 Kc7 51. Kf7 Kd7 52. Kg7 Ke7 53.
Re1+ Kd7 54. Ra1 Kc6 55. Kf6 Kb5+ 56. Ke5 Kc4 57. Rc1+ Kd3 58. Ra1 Ra5 59. Rd1+
Kc2 60. Ra1 Kb2 0-1

[Event "52nd Rubinstein Mem"]
[Site "Polanica Zdroj POL"]
[Date "2016.08.23"]
[Round "4.17"]
[White "Dubinski, Mateusz"]
[Black "Maj, Pawel"]
[Result "1-0"]
[WhiteTitle "CM"]
[WhiteElo "2202"]
[BlackElo "2087"]
[WhiteFideId "1125923"]
[BlackFideId "21818290"]
[EventDate "2016.08.20"]

1. c4 Nf6 2. Nc3 g6 3. e4 d6 4. d4 Bg7 5. f3 O-O 6. Be3 a6 7. Nge2 Nc6 8. Qd2
Na5 9. Nc1 Nd7 10. b4 Nc6 11. Rb1 e5 12. d5 Nd4 13. Nb3 Nxb3 14. axb3 f5 15. Bd3
f4 16. Bf2 g5 17. h3 Rf6 18. Ra1 Bf8 19. b5 h5 20. b4 Rg6 21. Be2 Be7 22. bxa6
Rxa6 23. Rxa6 bxa6 24. Qa2 Kg7 25. Qa5 g4 26. hxg4 hxg4 27. c5 gxf3 28. gxf3 Rg2
29. c6 Rxf2 30. cxd7 Rxe2+ 31. Kxe2 Qxd7 32. Qa4 Qd8 33. Qc6 Kg6 34. Kd3 Bd7 35.
Qxa6 Bh4 36. Qb7 Bf2 37. Ra1 Bb6 38. Ra8 Qe7 39. Qb8 Bh3 40. Qh8 Bf1+ 41. Kc2
Qh7 42. Rg8+ Kh6 43. Qf6+ 1-0

[Event "52nd Rubinstein Mem"]
[Site "Polanica Zdroj POL"]
[Date "2016.08.23"]
[Round "4.18"]
[White "Goslawski, Michal"]
[Black "Ochowicz, Jakub"]
[Result "1-0"]
[WhiteElo "2168"]
[BlackElo "2069"]
[WhiteFideId "1171259"]
[BlackFideId "1182714"]
[EventDate "2016.08.20"]

1. d4 Nf6 2. c4 g6 3. Nc3 Bg7 4. e4 d6 5. Be2 O-O 6. Bg5 Nbd7 7. Qd2 c5 8. d5 a6
9. f3 Ne5 10. f4 Ned7 11. Nh3 b5 12. cxb5 axb5 13. Bxb5 Ba6 14. Bxa6 Rxa6 15.
O-O Qb6 16. Rae1 Rb8 17. e5 Ne8 18. Re2 dxe5 19. Bxe7 Nd6 20. Ng5 Nf5 21. d6 c4+
22. Kh1 Nxd6 23. Rd1 Nf5 24. Qd5 Nf6 25. Qxf7+ Kh8 26. Red2 Raa8 27. Qxc4 h6 28.
Bxf6 Qxf6 29. Nf7+ Kh7 30. fxe5 Qb6 31. Nd5 Qa7 32. Nd6 Bxe5 33. Nxf5 gxf5 34.
Qd3 Qf7 35. Re2 Bd6 36. Ne3 Re8 37. Nxf5 1-0

[Event "52nd Rubinstein Mem"]
[Site "Polanica Zdroj POL"]
[Date "2016.08.23"]
[Round "4.19"]
[White "Kowalski, Igor"]
[Black "Psyk, Radoslaw"]
[Result "1-0"]
[WhiteElo "2055"]
[BlackElo "2161"]
[WhiteFideId "1172468"]
[BlackFideId "1182838"]
[EventDate "2016.08.20"]

1. d4 Nf6 2. c4 e6 3. Nc3 Bb4 4. Qc2 O-O 5. Nf3 d6 6. g3 Nbd7 7. Bg2 e5 8. O-O
Bxc3 9. Qxc3 Qe7 10. b3 Re8 11. dxe5 dxe5 12. Bb2 e4 13. Nd4 Nf8 14. Rfd1 Qc5
15. Nc2 Ne6 16. Ne3 c6 17. Rd2 Qh5 18. Rad1 Ng5 19. h4 Nh3+ 20. Kf1 Qg6 21. Rd8
Be6 22. Rxa8 Rxa8 23. Qa5 h6 24. Rd8+ Rxd8 25. Qxd8+ Kh7 26. Bxf6 gxf6 27. Qd4
Kg8 28. Bxe4 f5 29. Bc2 Qh5 30. Qe5 Ng5 31. Nxf5 Bxf5 32. Qxf5 f6 33. Ke1 Nf3+
34. exf3 Qe8+ 35. Kf1 Qd8 36. Qh7+ 1-0

[Event "52nd Rubinstein Mem"]
[Site "Polanica Zdroj POL"]
[Date "2016.08.23"]
[Round "4.20"]
[White "Piotrowski, Przemyslaw"]
[Black "Dwilewicz, Katarzyna"]
[Result "1-0"]
[WhiteElo "2155"]
[BlackElo "1730"]
[WhiteFideId "1127063"]
[BlackFideId "1148486"]
[EventDate "2016.08.20"]

1. d4 d5 2. Nf3 Nf6 3. g3 g6 4. Bg2 Bg7 5. O-O O-O 6. c4 c6 7. cxd5 cxd5 8. Nc3
Nc6 9. Ne5 Bf5 10. Nxc6 bxc6 11. b3 Rc8 12. Na4 Ne4 13. Be3 Qa5 14. Rc1 e5 15.
f3 Nd6 16. Rc5 Qb4 17. a3 Qxa3 18. g4 Be6 19. Rc1 Nc4 20. Bg5 Nb2 21. Ra1 Qxa4
22. Rxa4 Nxd1 23. Rxd1 exd4 24. Rxa7 Rb8 25. b4 Rfc8 26. Be7 Ra8 27. Bc5 Bf8 28.
Rxa8 Rxa8 29. Bxf8 Kxf8 30. Rxd4 Ra4 31. e3 Ke7 32. Kf2 Kd6 33. g5 Ra2+ 34. Kg3
Rc2 35. Bf1 Rc1 36. Kf2 Rc2+ 37. Be2 Ke7 38. Ke1 Kf8 39. Rd2 Rxd2 40. Kxd2 Ke7
41. Kc3 Kd6 42. Kd4 Bh3 43. e4 dxe4 44. fxe4 Bg2 45. Bc4 Ke7 46. Ke5 Bh3 47. Ba6
Be6 48. Bb7 Bd7 49. h4 Be8 50. Bc8 Kd8 51. Bh3 Ke7 52. Bg4 c5 53. bxc5 Bc6 54.
Be2 Bb7 55. Bb5 Bc8 56. c6 Be6 57. c7 Bc8 58. Bf1 Bb7 59. Bh3 1-0

[Event "52nd Rubinstein Mem"]
[Site "Polanica Zdroj POL"]
[Date "2016.08.23"]
[Round "4.21"]
[White "Lukasiewicz, Krzysztof"]
[Black "Bajkowski, Marcin"]
[Result "1-0"]
[WhiteElo "2120"]
[BlackElo "1927"]
[WhiteFideId "1166042"]
[BlackFideId "1129139"]
[EventDate "2016.08.20"]

1. e4 e6 2. d4 d5 3. Nd2 Nf6 4. e5 Nfd7 5. Bd3 c5 6. c3 Nc6 7. Ne2 a5 8. O-O a4
9. f4 a3 10. b3 cxd4 11. cxd4 Nb4 12. Bb1 g6 13. f5 exf5 14. Nf3 Nb8 15. g4 f4
16. Nxf4 Bxg4 17. h3 Bd7 18. e6 Bxe6 19. Nxe6 fxe6 20. Ng5 Be7 21. Nxe6 Qc8 22.
Qg4 Rg8 23. Bf4 Ra6 24. Nc7+ Kd8 25. Bf5 Qxc7 26. Bxc7+ Kxc7 27. Be6 Rd8 28. Rf7
N8c6 29. Qf4+ Kb6 30. Qd2 Nxd4 31. Qxd4+ Bc5 32. Rxb7+ 1-0

[Event "52nd Rubinstein Mem"]
[Site "Polanica Zdroj POL"]
[Date "2016.08.23"]
[Round "4.22"]
[White "Kowalczyk, Rafal"]
[Black "Faron, Rafal"]
[Result "0-1"]
[WhiteElo "2215"]
[BlackElo "2008"]
[WhiteFideId "1133853"]
[BlackFideId "1149768"]
[EventDate "2016.08.20"]

1. e4 d6 2. d4 Nf6 3. Nc3 g6 4. g3 Bg7 5. Bg2 O-O 6. Nge2 e5 7. h3 Nc6 8. Be3
exd4 9. Nxd4 Bd7 10. Qd2 Nxd4 11. Bxd4 Bc6 12. O-O-O b5 13. f4 b4 14. Nd5 Bxd5
15. exd5 a5 16. g4 Nd7 17. g5 Bxd4 18. Qxd4 Nc5 19. h4 Re8 20. h5 Qe7 21. hxg6
fxg6 22. Rh3 Qg7 23. Qc4 Na4 24. c3 Nc5 25. Rdh1 bxc3 26. Rxc3 Rab8 27. a3 Re3
28. Rh3 Nd3+ 29. Kd2 Nxb2 30. Qxc7 Qd4+ 31. Kc2 Qd1# 0-1

[Event "52nd Rubinstein Mem"]
[Site "Polanica Zdroj POL"]
[Date "2016.08.23"]
[Round "4.23"]
[White "Kulas, Szymon"]
[Black "Wyczling, Bartosz"]
[Result "1-0"]
[WhiteElo "2210"]
[BlackElo "1974"]
[WhiteFideId "1178989"]
[BlackFideId "1169920"]
[EventDate "2016.08.20"]

1. d4 Nf6 2. Nc3 c5 3. d5 d6 4. e4 g6 5. f4 Bg7 6. Bb5+ Bd7 7. e5 Ng8 8. Qe2 a6
9. Bd3 Qc7 10. Nf3 Nh6 11. e6 fxe6 12. Bd2 b5 13. Ng5 b4 14. Nd1 exd5 15. Ne3
Nc6 16. Nxd5 Qd8 17. Nxh7 Bf5 18. Bxf5 Nxf5 19. Qg4 Kd7 20. Qxg6 e6 21. Qf7+
Nce7 22. Nhf6+ Bxf6 23. Nxf6+ Kc7 24. Qxe6 Ng3 25. Rg1 Rxh2 26. O-O-O Nef5 27.
Be1 Ne2+ 28. Qxe2 Qxf6 29. Qd3 Nd4 30. Kb1 a5 31. Bf2 Rg8 32. Bxd4 Qxd4 33. Qf3
Qf6 34. Qe4 Rh4 35. g3 Rhg4 36. Qd3 a4 37. Qa6 a3 38. Qa7+ Kc6 39. Qa6+ Kc7 40.
Qa7+ Kc6 41. Qa4+ Kc7 42. bxa3 Rb8 43. Qa5+ Kc6 44. a4 Rgg8 45. Qa6+ Rb6 46. Qc4
Rd8 47. Qd5+ Kc7 48. Rge1 Ra6 49. Re6 Qg7 50. f5 Rd7 51. Qd3 Rc6 52. f6 Qf7 53.
Qc4 Kd8 54. Qd5 Kc7 55. Rde1 Qg6 56. Qd3 Qg5 57. Qb5 Qf5 58. a5 Qf2 59. Re8 Rd8
60. R1e7+ 1-0

[Event "52nd Rubinstein Mem"]
[Site "Polanica Zdroj POL"]
[Date "2016.08.23"]
[Round "4.24"]
[White "Samborski, Henryk"]
[Black "Kokoszczynski, Jan"]
[Result "1-0"]
[WhiteElo "2114"]
[BlackElo "1954"]
[WhiteFideId "1103849"]
[BlackFideId "1174460"]
[EventDate "2016.08.20"]

1. Nf3 Nf6 2. g3 g6 3. Bg2 Bg7 4. O-O O-O 5. c4 d5 6. cxd5 Nxd5 7. Nc3 c6 8. d4
Bg4 9. Nxd5 cxd5 10. Ne5 Be6 11. Be3 Nc6 12. Nxc6 bxc6 13. Qd2 Qb6 14. h4 Bf5
15. Rac1 Qa6 16. b3 Rac8 17. Rc5 Rfe8 18. Bf3 Qb7 19. h5 Qd7 20. Rfc1 Bf8 21.
Bh6 e5 22. Bxf8 e4 23. Bh6 exf3 24. exf3 Qe6 25. Qc3 gxh5 26. Rxc6 Rxc6 27. Qxc6
Rc8 28. Qxc8+ Qxc8 29. Rxc8+ Bxc8 30. Kf1 f6 31. Ke2 Kf7 32. Kd3 Kg6 33. Bf4
Ba6+ 34. Ke3 Kf5 35. Bb8 h4 36. gxh4 Kg6 37. Kf4 Kh5 38. Kg3 Bd3 39. Bxa7 Bb1
40. a3 Bc2 41. b4 Ba4 42. Bb6 Bd7 43. Bd8 Kg6 44. Kf4 h5 45. Bc7 Bb5 46. Ke3 Kf5
47. Kd2 Bc6 48. Kc3 Ba4 49. Bb8 Ke6 50. Bc7 Kf5 51. b5 Bxb5 52. Kb4 Be2 53. a4
Bxf3 54. Kc5 Ke4 55. a5 Be2 56. f3+ Kxf3 57. Kxd5 Kg4 58. Kc5 f5 59. d5 f4 60.
Bxf4 Kxf4 61. d6 Bg4 62. a6 Kg3 63. a7 Kxh4 64. a8=Q 1-0

[Event "52nd Rubinstein Mem"]
[Site "Polanica Zdroj POL"]
[Date "2016.08.23"]
[Round "4.25"]
[White "Dzieczkaniec, Piotr"]
[Black "Betkowski, Andrzej"]
[Result "0-1"]
[WhiteElo "1833"]
[BlackElo "2111"]
[WhiteFideId "1129430"]
[BlackFideId "1102036"]
[EventDate "2016.08.20"]

1. Nf3 g6 2. g3 f5 3. Bg2 Nf6 4. b3 Bg7 5. Bb2 d6 6. O-O e5 7. c4 O-O 8. d4 e4
9. Ne1 d5 10. Nc2 c6 11. c5 Na6 12. b4 Nc7 13. a4 Ne6 14. e3 g5 15. f4 exf3 16.
Bxf3 g4 17. Bg2 Ng5 18. Nc3 Nfe4 19. Ne2 Ne6 20. Nf4 Nxf4 21. exf4 h5 22. Bxe4
dxe4 23. Ne3 Be6 24. Rf2 Rf7 25. Rd2 Rd7 26. Ra3 Kh7 27. Kf2 Qg8 28. h3 Rad8 29.
hxg4 hxg4 30. Nc2 Bb3 31. Qh1+ Kg6 32. Na1 e3+ 33. Kxe3 Qe6+ 34. Kf2 Rh8 35.
Qxh8 Bxh8 36. Rxb3 Rh7 37. Rdd3 Rh2+ 38. Kg1 Qe2 0-1

[Event "52nd Rubinstein Mem"]
[Site "Polanica Zdroj POL"]
[Date "2016.08.24"]
[Round "5.1"]
[White "Pavlov, Sergey2"]
[Black "Malaniuk, Vladimir P"]
[Result "1/2-1/2"]
[WhiteTitle "IM"]
[BlackTitle "GM"]
[WhiteElo "2473"]
[BlackElo "2471"]
[WhiteFideId "14114330"]
[BlackFideId "14100177"]
[EventDate "2016.08.20"]

1. Nf3 d6 2. d4 Bg4 3. Nbd2 Nd7 4. h3 Bh5 5. e4 e5 6. Be2 Ngf6 7. O-O Be7 8.
dxe5 dxe5 9. b3 Bxf3 10. Bxf3 c6 11. Nc4 Qc7 12. a4 O-O 13. Bb2 Rfe8 14. Qe2 Bf8
15. g3 Nb6 16. Ne3 Nc8 17. Rfd1 Nd6 18. Nf1 Rad8 19. Bg2 Nd7 20. Nh2 f6 21. Ng4
Nf7 22. h4 Nc5 23. Ne3 Ne6 24. Nf5 Nc5 25. Ne3 Ne6 26. Nf5 Nc5 27. Ne3 1/2-1/2

[Event "52nd Rubinstein Mem"]
[Site "Polanica Zdroj POL"]
[Date "2016.08.24"]
[Round "5.2"]
[White "Pacan-Milej, Kosma"]
[Black "Cyborowski, Lukasz"]
[Result "0-1"]
[BlackTitle "GM"]
[WhiteElo "2127"]
[BlackElo "2526"]
[WhiteFideId "21800537"]
[BlackFideId "1108760"]
[EventDate "2016.08.20"]

1. d4 g6 2. c4 Bg7 3. e4 d6 4. Nc3 c5 5. d5 e6 6. Bd3 Ne7 7. h3 O-O 8. Nf3 Nd7
9. O-O e5 10. a3 h6 11. b4 f5 12. Nd2 b6 13. Nb3 Nf6 14. bxc5 bxc5 15. Bd2 f4
16. Nb5 f3 17. Ba5 Qd7 18. Qxf3 Nfxd5 19. Qg4 Qxg4 20. hxg4 Nf4 21. Rfd1 Bxg4
22. f3 Bd7 23. Bf1 Nc6 24. Rxd6 Rf7 25. Rad1 Be8 26. g3 Nh5 27. Be1 a6 28. Nc3
Nd4 29. Nxd4 exd4 30. Nd5 Rxf3 31. Be2 Rxa3 32. Nc7 Rc8 33. Nxe8 Rxe8 34. Bd3
Nf6 35. Rc6 Nd7 36. Bb1 Rb8 37. Rc7 Ne5 38. Rxc5 Ra1 39. Bc2 Rxd1 40. Bxd1 Rb1 0-1

[Event "52nd Rubinstein Mem"]
[Site "Polanica Zdroj POL"]
[Date "2016.08.24"]
[Round "5.3"]
[White "Shishkin, Vadim UKR"]
[Black "Grela, Kacper"]
[Result "1-0"]
[WhiteTitle "GM"]
[BlackTitle "FM"]
[WhiteElo "2469"]
[BlackElo "2274"]
[WhiteFideId "14101696"]
[BlackFideId "1154141"]
[EventDate "2016.08.20"]

1. d4 Nf6 2. c4 g6 3. Nc3 Bg7 4. e4 d6 5. Be2 O-O 6. Nf3 e5 7. Be3 Ng4 8. Bg5 f6
9. Bh4 g5 10. Bg3 Nh6 11. h3 Nc6 12. d5 Ne7 13. Qd2 Ng6 14. O-O-O Qe7 15. Bd3
Bd7 16. Kb1 Rae8 17. Rde1 a6 18. Bh2 g4 19. hxg4 Nxg4 20. Bg3 Qf7 21. Rh3 h6 22.
Nh4 Nf4 23. Bxf4 exf4 24. Nf5 Bxf5 25. exf5 Rxe1+ 26. Qxe1 Qe8 27. Qd2 h5 28.
Ne4 Bh6 29. f3 Ne3 30. g4 fxg3 31. Rxg3+ Kh7 32. Rg6 Bf4 33. Nxf6+ Rxf6 34. Rxf6
h4 35. Re6 Qh5 36. Rxe3 Bxe3 37. Qxe3 h3 38. f6+ Kh8 39. Qe7 1-0

[Event "52nd Rubinstein Mem"]
[Site "Polanica Zdroj POL"]
[Date "2016.08.24"]
[Round "5.4"]
[White "Siekanski, Janusz"]
[Black "Socko, Monika"]
[Result "1/2-1/2"]
[BlackTitle "GM"]
[WhiteElo "2290"]
[BlackElo "2454"]
[WhiteFideId "1100599"]
[BlackFideId "1106619"]
[EventDate "2016.08.20"]

1. d4 Nf6 2. c4 g6 3. Nc3 d5 4. cxd5 Nxd5 5. e4 Nxc3 6. bxc3 Bg7 7. Be3 c5 8.
Qd2 Qa5 9. Rb1 cxd4 10. cxd4 Qxd2+ 11. Kxd2 O-O 12. Nf3 Rd8 13. Bd3 Nc6 14. d5
Na5 15. Ke2 b6 16. Bg5 f6 17. Bd2 f5 18. exf5 Rxd5 19. fxg6 hxg6 20. Rhc1 Rxd3
21. Kxd3 Bf5+ 22. Ke2 Bxb1 23. Rxb1 Nc4 24. Rc1 b5 25. Bc3 Rc8 26. Bxg7 Kxg7 27.
Ne5 Kf6 28. Nxc4 bxc4 29. Kd2 Rd8+ 30. Kc2 Rd5 31. Kb2 Rg5 32. g3 Rh5 33. h4 Rf5
34. f4 Rb5+ 35. Ka3 Ra5+ 36. Kb2 Rb5+ 37. Ka3 Rd5 38. Kb4 Rd3 39. Rc3 Kf5 40.
Kxc4 Rxc3+ 41. Kxc3 Kg4 42. a3 e6 43. Kd4 Kxg3 44. Ke5 Kxh4 45. Kxe6 Kg4 46. Ke5
a5 47. a4 Kg3 48. f5 gxf5 49. Kxf5 Kh4 50. Ke4 1/2-1/2

[Event "52nd Rubinstein Mem"]
[Site "Polanica Zdroj POL"]
[Date "2016.08.24"]
[Round "5.5"]
[White "Szelag, Marcin"]
[Black "Gumularz, Szymon"]
[Result "1-0"]
[WhiteTitle "IM"]
[WhiteElo "2443"]
[BlackElo "2260"]
[WhiteFideId "1112228"]
[BlackFideId "1188062"]
[EventDate "2016.08.20"]

1. e4 d6 2. d4 Nf6 3. Nc3 e5 4. Nf3 Nbd7 5. Bc4 Be7 6. O-O O-O 7. a4 a5 8. Re1
c6 9. h3 Nb6 10. Bb3 Nfd7 11. Be3 exd4 12. Bxd4 Nc5 13. Bxc5 dxc5 14. Qe2 Qd6
15. Rad1 Qg6 16. Ne5 Qg5 17. f4 Qxf4 18. Nxf7 c4 19. Rf1 Bc5+ 20. Kh1 Qe3 21.
Qh5 g6 22. Qh4 Rxf7 23. Rxf7 Kxf7 24. Qxh7+ Ke8 25. Qxg6+ Ke7 26. Qg7+ Ke8 27.
Qe5+ Kf7 28. Rf1+ Kg8 29. Qe8+ Kg7 30. Rf7+ Kh6 31. Qh8+ Kg5 32. Qf6+ 1-0

[Event "52nd Rubinstein Mem"]
[Site "Polanica Zdroj POL"]
[Date "2016.08.24"]
[Round "5.6"]
[White "Zochowski, Kacper"]
[Black "Voloshin, Leonid"]
[Result "1/2-1/2"]
[BlackTitle "GM"]
[WhiteElo "2275"]
[BlackElo "2425"]
[WhiteFideId "1125494"]
[BlackFideId "311111"]
[EventDate "2016.08.20"]

1. e4 d6 2. d4 Nf6 3. Nc3 e5 4. Nf3 Nbd7 5. Bc4 Be7 6. O-O O-O 7. Qe2 c6 8. a4
exd4 9. Nxd4 Re8 10. Qd1 Bf8 11. Re1 Nc5 12. f3 a5 13. Be3 Nfd7 14. Qd2 Qc7 15.
Bf1 Ne5 16. Rad1 Bd7 17. Qf2 Ng6 18. b3 Be7 19. Nce2 Bh4 20. Ng3 Rad8 21. Rd2
Bc8 22. Red1 b6 23. Kh1 Rf8 24. Qg1 d5 25. exd5 Bxg3 26. hxg3 Rxd5 27. g4 Qb7
28. Bc4 Re5 29. Bf2 Ree8 30. Nf5 Bxf5 31. gxf5 Ne5 32. Bxc5 bxc5 33. Qxc5 Qc8
34. Bd3 Qd8 35. Qf2 Qg5 36. Re1 Nxd3 37. Rxd3 Qxf5 38. Rxe8 Rxe8 39. Re3 Rd8 40.
Qe2 Kf8 41. Re5 1/2-1/2

[Event "52nd Rubinstein Mem"]
[Site "Polanica Zdroj POL"]
[Date "2016.08.24"]
[Round "5.7"]
[White "Lewtak, Damian"]
[Black "Karpus, Michal"]
[Result "0-1"]
[BlackTitle "FM"]
[WhiteElo "2389"]
[BlackElo "2240"]
[WhiteFideId "1141724"]
[BlackFideId "1174088"]
[EventDate "2016.08.20"]

1. Nf3 Nf6 2. c4 g6 3. Nc3 d5 4. d4 Bg7 5. e3 O-O 6. Be2 dxc4 7. O-O c5 8. dxc5
Qa5 9. Qd4 Nfd7 10. Qxc4 Qxc5 11. Qh4 Nc6 12. e4 Nde5 13. Nd5 Nxf3+ 14. Bxf3 Be6
15. Bg5 f6 16. Be3 Qd6 17. Rfd1 Bxd5 18. Rxd5 Qb4 19. b3 Rfd8 20. Bd2 Qb6 21.
Qh3 f5 22. Rd1 e6 23. Be3 Bd4 24. R1xd4 Nxd4 25. Bxd4 Qb4 26. g3 exd5 27. exf5
Qxd4 28. fxg6 hxg6 29. Qe6+ Kh7 30. Qe7+ Qg7 31. Qh4+ Kg8 32. Bg4 Rd6 0-1

[Event "52nd Rubinstein Mem"]
[Site "Polanica Zdroj POL"]
[Date "2016.08.24"]
[Round "5.8"]
[White "Nowak, Kamil"]
[Black "Cukrowski, Filip"]
[Result "1/2-1/2"]
[BlackTitle "FM"]
[WhiteElo "2240"]
[BlackElo "2381"]
[WhiteFideId "1168681"]
[BlackFideId "1171097"]
[EventDate "2016.08.20"]

1. e4 c5 2. Nf3 d6 3. d4 cxd4 4. Nxd4 Nf6 5. Nc3 Nc6 6. Bg5 e6 7. Qd2 a6 8.
O-O-O Bd7 9. f4 Be7 10. Nf3 b5 11. Bxf6 gxf6 12. Kb1 Qb6 13. f5 O-O-O 14. fxe6
fxe6 15. g3 Kb8 16. Bh3 b4 17. Ne2 Ne5 18. Nfd4 d5 19. exd5 exd5 20. Bxd7 Rxd7
21. Nf4 Rhd8 22. Rhe1 Bc5 23. Nh5 Kb7 24. Qf4 Rd6 25. Nf5 Rc6 26. Nd4 Rcd6 27.
Nb3 Ng6 28. Qh6 R8d7 29. Ng7 Rc6 30. Ne8 a5 31. Qh3 Nf8 32. Qf5 a4 33. Nxc5+
Qxc5 34. g4 d4 35. Qxc5 Rxc5 36. Nxf6 Rf7 37. Ne4 Rd5 38. c4 bxc3 39. Nxc3 Rd6
40. Nxa4 Kc6 41. Rc1+ Kb5 42. Re5+ Ka6 43. Nc5+ Kb6 44. a4 d3 45. a5+ Ka7 46.
Rd1 Ng6 47. Rf5 Rxf5 48. gxf5 Ne5 49. Ka2 d2 50. f6 Rxf6 51. Rxd2 Rh6 52. b4 Nc6
53. Ka3 Rh4 54. Rb2 Rg4 55. Ka4 Rh4 56. Nd3 Rd4 57. Rc2 Kb7 58. Nc5+ Ka7 59. Kb5
Nxb4 60. Rg2 Rh4 61. Rg7+ Ka8 62. Nd7 Nd5 63. Rg5 Ne7 64. Nb6+ Kb7 65. a6+ Ka7
66. Re5 Rb4+ 67. Kc5 Kxa6 68. Rxe7 Rb5+ 69. Kd4 Kxb6 70. Rxh7 Kc6 71. Re7 Rb2
72. h3 Rb3 73. Rh7 Kd6 74. Rh6+ Ke7 75. Ke5 Kf7 76. Kf5 Kg7 77. Rh4 Rb5+ 78. Ke6
Rb6+ 79. Kd5 Rb5+ 80. Kc6 Rb3 1/2-1/2